[Event "St Petersburg op"]
[Site "St Petersburg"]
[Date "1995.??.??"]
[Round "4"]
[White "Yakovich, Yuri"]
[Black "Makarov, Marat"]
[Result "1/2-1/2"]
[WhiteElo "2555"]
[BlackElo "2520"]
[PlyCount "67"]
[EventDate "1995.05.??"]
[Source "ChessBase"]

1. e4 c5 2. Nf3 Nc6 3. d4 cxd4 4. Nxd4 Nf6 5. Nc3 d6 6. f4 g6 7. Be3 Bg7 8. Be2 O-O 9. Nb3 a5 10. a4 Nb4 11. O-O Be6 12. Nd4 Qc8 13. Kh1 Bc4 14. Bd3 Bxd3 15. cxd3 Qd7 16. Qe2 Ng4 17. Bg1 e5 18. Ndb5 exf4 19. Rxf4 Ne5 20. d4 Nec6 21. Raf1 Ne7 22. d5 Be5 23. R4f3 f5 24. Nd4 fxe4 25. Qxe4 Rxf3 26. Qxf3 Nf5 27. Ne6 Qe7 28. Qg4 Ng7 29. Bd4 Nxe6 30. Bxe5 dxe5 31. dxe6 Rf8 32. Rxf8+ Kxf8 33. Ne4 Kg7 34. Ng3 1/2-1/2

[Event "St Martin Open"]
[Site "St Martin"]
[Date "1992.??.??"]
[Round "4"]
[White "Zapata, Alonso"]
[Black "Petursson, Margeir"]
[Result "1/2-1/2"]
[WhiteElo "2515"]
[BlackElo "2555"]
[PlyCount "40"]
[EventDate "1992.??.??"]
[Source "www.chesslib.no"]
[SourceDate "2004.05.04"]

1. e4 c5 2. Nf3 Nc6 3. d4 cxd4 4. Nxd4 g6 5. Be2 Bg7 6. Nb3 d6 7. O-O Nf6 8. Nc3 O-O 9. Kh1 Be6 10. f4 Rc8 11. Be3 a6 12. Bf3 Na5 13. Nd4 Bd7 14. Bg1 e5 15. Nde2 Qe7 16. a4 Rfe8 17. Qe1 exf4 18. Nxf4 Nc4 19. Ncd5 Qd8 20. b3 Nxd5 1/2-1/2

[Event "RUS-Cup01 Chigorin mem"]
[Site "St Petersburg"]
[Date "1997.11.09"]
[Round "9"]
[White "Asrian, Karen"]
[Black "Brodsky, Michail"]
[Result "1/2-1/2"]
[WhiteElo "2515"]
[BlackElo "2545"]
[PlyCount "21"]
[EventDate "1997.11.01"]
[Source "www.chesslib.no"]
[SourceDate "2004.05.04"]

1. e4 c5 2. Nf3 Nc6 3. d4 cxd4 4. Nxd4 Nf6 5. Nc3 d6 6. Be2 g6 7. Be3 Bg7 8. O-O O-O 9. Nb3 Be6 10. f4 Qc8 11. Kh1 1/2-1/2

[Event "Lippstadt"]
[Site "Lippstadt GER"]
[Date "1995.??.??"]
[Round "6"]
[White "Mainka, Romuald"]
[Black "Stangl, Markus"]
[Result "1/2-1/2"]
[WhiteElo "2515"]
[BlackElo "2540"]
[PlyCount "109"]
[EventDate "1995.07.??"]
[Source "www.chesslib.no"]
[SourceDate "2004.05.04"]

1. e4 c5 2. Nf3 d6 3. d4 cxd4 4. Nxd4 Nf6 5. Nc3 a6 6. a4 g6 7. Be2 Bg7 8. O-O O-O 9. Nb3 Nc6 10. f4 Be6 11. Be3 Na5 12. Nd4 Bc4 13. Kh1 Rc8 14. Bd3 e5 15. fxe5 dxe5 16. Nf3 Ng4 17. Bg1 Be6 18. Qe2 Nc4 19. Nd1 Nd6 20. Ne3 Nxe3 21. Bxe3 Bc4 22. a5 Qc7 23. Qe1 Qc6 24. Qh4 f6 25. b4 Rfd8 26. Bb6 Rd7 27. Qh3 Re8 28. Bc5 Red8 29. Rad1 Bxd3 30. cxd3 Nxe4 31. Bb6 Rxd3 32. Rc1 Qd7 33. Bxd8 Qxh3 34. gxh3 Rxd8 35. Rc7 Nd6 36. Kg2 Bf8 37. Rd1 Re8 38. Rd7 Re6 39. Rc1 e4 40. Nd4 Re5 41. Rd8 f5 42. Rc5 Re8 43. Rxe8 Nxe8 44. Rc8 Kf7 45. Rb8 Nd6 46. b5 Bg7 47. bxa6 bxa6 48. Nb3 f4 49. Rb6 Nc4 50. Rxa6 f3+ 51. Kf2 Bf6 52. Rxf6+ Kxf6 53. a6 Ke5 54. a7 Nb6 55. Ke3 1/2-1/2

[Event "Camp. bielorusso 2008"]
[Site "Minsk BLR"]
[Date "2008.01.18"]
[Round "9"]
[White "Romanenko, Vladimir"]
[Black "Azarov, Sergei"]
[Result "1/2-1/2"]
[WhiteElo "2460"]
[BlackElo "2594"]
[PlyCount "57"]
[EventDate "2008.01.10"]
[Source "www.chesslib.no"]
[SourceDate "2004.05.04"]

1. e4 c5 2. Nf3 d6 3. d4 cxd4 4. Nxd4 Nf6 5. Nc3 g6 6. Be2 Bg7 7. O-O Nc6 8. Be3 O-O 9. Nb3 a6 10. f4 b5 11. Bf3 Bb7 12. a3 e6 13. Qd2 Qc7 14. Rad1 Rad8 15. Qf2 Qb8 16. Kh1 Rfe8 17. Bb6 Rc8 18. Rfe1 Ba8 19. Be3 Rcd8 20. Bb6 Rd7 21. Na5 Nxa5 22. Bxa5 Rc8 23. Rd3 d5 24. e5 Ne8 25. Bb6 Rc4 26. Bd4 Qc8 27. Bd1 Bf8 28. Ne2 Ng7 29. g4 1/2-1/2

[Event "Rostov Open"]
[Site "Rostov RUS"]
[Date "1993.??.??"]
[Round "?"]
[White "Yakovich, Yuri"]
[Black "Savchenko, Stanislav"]
[Result "1/2-1/2"]
[WhiteElo "2510"]
[BlackElo "2535"]
[PlyCount "107"]
[EventDate "1993.05.??"]
[Source "www.chesslib.no"]
[SourceDate "2004.05.04"]

1. e4 c5 2. Nf3 d6 3. d4 cxd4 4. Nxd4 Nf6 5. Nc3 g6 6. Be2 Bg7 7. Be3 Nc6 8. Nb3 O-O 9. f4 a6 10. O-O b5 11. Bf3 Bb7 12. e5 dxe5 13. Nc5 exf4 14. Nxb7 Qc7 15. Bxf4 Qxb7 16. Qe1 Rad8 17. Kh1 Qc8 18. Bxc6 Qxc6 19. Qxe7 Rfe8 20. Qc7 Qxc7 21. Bxc7 Rd2 22. Rac1 Ne4 23. Nxe4 Rxe4 24. Ba5 b4 25. Rce1 Rxe1 26. Rxe1 Bxb2 27. Bxb4 Rxc2 28. g3 Kg7 29. Re8 Bd4 30. Rd8 Bc5 31. a3 Be3 32. Rd3 Bg5 33. Rd6 h5 34. Rxa6 h4 35. gxh4 Bf4 36. h3 Rh2+ 37. Kg1 Rxh3 38. Be1 Rb3 39. a4 f5 40. a5 Kh6 41. Re6 Bg3 42. Kg2 Bxe1 43. Rxe1 Ra3 44. Rg1 Rxa5 45. Kh3 Ra8 46. Rg3 Re8 47. Rg1 Re6 48. Rg3 Rf6 49. Rg2 Rf8 50. Rg1 f4 51. Kg2 f3+ 52. Kf2 Rf5 53. Rg4 Kh5 54. Ra4 1/2-1/2

[Event "BCF-ch"]
[Site "Torquay"]
[Date "1998.08.04"]
[Round "8"]
[White "Thipsay, Praveen Mahadeo"]
[Black "Wells, Peter K"]
[Result "1/2-1/2"]
[WhiteElo "2515"]
[BlackElo "2530"]
[PlyCount "46"]
[EventDate "1998.08.??"]
[Source "ChessBase"]
[SourceDate "1998.11.06"]

1. e4 c5 2. Nf3 Nc6 3. d4 cxd4 4. Nxd4 Nf6 5. Nc3 d6 6. Be2 g6 7. O-O Bg7 8. Be3 O-O 9. Nb3 Be6 10. f4 Qc8 11. Kh1 Bg4 12. Bg1 Rb8 13. Nd5 Bxe2 14. Qxe2 Qe6 15. Nxf6+ Bxf6 16. c3 b5 17. Nd4 Nxd4 18. cxd4 Qc4 19. Qe3 Rbc8 20. Rfc1 Qb4 21. b3 Bg7 22. Bf2 Qa5 23. e5 a6 1/2-1/2

[Event "RUS-Cup10 Tomsk"]
[Site "?"]
[Date "1997.??.??"]
[Round "8"]
[White "Galkin, Alexander"]
[Black "Kotsur, Pavel"]
[Result "1-0"]
[WhiteElo "2540"]
[BlackElo "2500"]
[PlyCount "99"]
[EventDate "1997.??.??"]
[Source "www.chesslib.no"]
[SourceDate "2004.05.04"]

1. e4 c5 2. Nf3 d6 3. d4 cxd4 4. Nxd4 Nf6 5. Nc3 Nc6 6. Be2 g6 7. Be3 Bg7 8. O-O O-O 9. Nb3 b6 10. f4 Bb7 11. Bf3 Rc8 12. Rf2 Qc7 13. Nd5 Qb8 14. c3 Rfe8 15. Rd2 Nd7 16. Bf2 Na5 17. Bh4 Bxd5 18. exd5 b5 19. Nxa5 Qb6+ 20. Kh1 Qxa5 21. a3 Rc4 22. Re2 Nf6 23. Qd2 Qa4 24. Rae1 Kf8 25. Bf2 Rc7 26. Bd4 Qa6 27. Qd3 Qa4 28. g3 Qc4 29. Qd1 Rb7 30. h4 Qc8 31. Kg2 Qf5 32. Qb3 Qd3 33. Re3 Qc4 34. Qd1 Qc8 35. h5 Qf5 36. hxg6 hxg6 37. Rh1 Rc7 38. Re2 Kg8 39. Qg1 e5 40. dxe6 fxe6 41. Bxf6 Qxf6 42. Qd1 d5 43. Rhe1 g5 44. Rxe6 Rxe6 45. Bxd5 Kf8 46. Rxe6 Qd8 47. Bf3 a5 48. Bh5 Qa8+ 49. Kh2 gxf4 50. Rf6+ 1-0

[Event "Skolernes Skakklub op"]
[Site "Aarhus"]
[Date "1997.??.??"]
[Round "6"]
[White "Kupreichik, Viktor D"]
[Black "Shipov, Sergei"]
[Result "1/2-1/2"]
[WhiteElo "2500"]
[BlackElo "2540"]
[PlyCount "137"]
[EventDate "1997.??.??"]
[Source "www.chesslib.no"]
[SourceDate "2004.05.04"]

1. e4 c5 2. Nc3 d6 3. f4 Nc6 4. Nf3 g6 5. d4 cxd4 6. Nxd4 Bg7 7. Nb3 Nf6 8. Be2 O-O 9. Be3 Be6 10. O-O Na5 11. f5 Bc4 12. Bd3 Bxd3 13. cxd3 e6 14. fxe6 fxe6 15. Nxa5 Qxa5 16. Qb3 Rae8 17. h3 a6 18. Qxb7 Rb8 19. Qe7 Rfe8 20. Qxd6 Rxb2 21. Rac1 Rbb8 22. e5 Nh5 23. d4 Ng3 24. Rf3 Nf5 25. Qd7 Rbd8 26. Qb7 Nxe3 27. Rf7 Nf5 28. Ne4 Rb8 29. Qa7 Ra8 30. Qc7 Qxc7 31. Rcxc7 Rf8 32. Rfd7 Rad8 33. g4 Rxd7 34. Rxd7 Nxd4 35. Rxd4 Bxe5 36. Rd7 Rf7 37. Rxf7 Kxf7 38. Ng5+ Ke7 39. Nxh7 Bf4 40. Kg2 Kf7 41. Kf3 e5 42. g5 Kg7 43. Nf6 Bxg5 44. Ng4 Bf4 45. Ke4 Bg3 46. a4 Kf7 47. Kd5 e4 48. Kxe4 Ke6 49. Ne3 Kd6 50. Nc4+ Kc5 51. Ne5 g5 52. Nf3 Bh4 53. Kf5 Kb4 54. Nxg5 Kxa4 55. Nf3 Bf2 56. h4 a5 57. h5 Be3 58. Ke4 Bh6 59. Nd4 Ka3 60. Nf5 Bg5 61. h6 a4 62. h7 Bf6 63. Kd3 Kb4 64. Nd4 Bh8 65. Nc2+ Kc5 66. Na3 Kb4 67. Nc2+ Kb3 68. Nd4+ Kb2 69. Nb5 1/2-1/2

[Event "Peristeri"]
[Site "?"]
[Date "1995.??.??"]
[Round "?"]
[White "Kotronias, V."]
[Black "Agnos, D."]
[Result "0-1"]
[WhiteElo "2590"]
[BlackElo "2450"]
[PlyCount "70"]
[EventDate "1995.??.??"]
[Source "ChessBase"]
[SourceDate "1996.02.01"]

1. e4 c5 2. Nf3 d6 3. d4 cxd4 4. Nxd4 Nf6 5. Nc3 g6 6. Be2 Bg7 7. O-O O-O 8. Be3 Nc6 9. Nb3 Be6 10. f4 Qc8 11. Kh1 Rd8 12. Bg1 d5 13. e5 Ne4 14. Bd3 f6 15. exf6 Nxc3 16. bxc3 Bxf6 17. f5 Bxf5 18. Bxf5 gxf5 19. Qh5 e6 20. g4 b6 21. gxf5 e5 22. Be3 Qd7 23. Rad1 Kh8 24. Nd2 Qb7 25. Nf3 d4 26. Bg5 Rf8 27. h4 Bg7 28. Qg4 Rf7 29. Qe4 Raf8 30. f6 Bxf6 31. Nxe5 Bxe5 32. Rxf7 Rxf7 33. cxd4 Qd7 34. Kg2 Bf4 35. Bxf4 Qg4+ 0-1

[Event "Gausdal zt"]
[Site "Gausdal"]
[Date "1985.??.??"]
[Round "?"]
[White "Yrjola, Jouni"]
[Black "Petursson, Margeir"]
[Result "0-1"]
[WhiteElo "2500"]
[BlackElo "2535"]
[PlyCount "80"]
[EventDate "1985.01.??"]
[Source "ChessBase"]

1. e4 c5 2. Nf3 d6 3. d4 cxd4 4. Nxd4 Nf6 5. Nc3 g6 6. Be2 Bg7 7. O-O Nc6 8. Nb3 O-O 9. Be3 Be6 10. f4 Rc8 11. Bf3 Na5 12. Nxa5 Qxa5 13. Nd5 Bxd5 14. exd5 Qb4 15. Rb1 Qc4 16. Bxa7 Qxf4 17. Re1 Rfe8 18. c3 h5 19. Bf2 Nd7 20. Re4 Qf5 21. Rb4 Rc7 22. Be4 Qg5 23. Qc1 Qxc1+ 24. Rxc1 Be5 25. Bf3 Kg7 26. c4 Ra8 27. a3 g5 28. Be4 Nc5 29. Bf5 Ra6 30. g3 Na4 31. b3 Nc3 32. Rc2 Kf8 33. Bd3 Rxa3 34. Bb6 Rc8 35. Be3 Nd1 36. Bc1 Ra1 37. Kg2 Rca8 38. Rxb7 R8a2 39. Bd2 Rxc2 40. Bxc2 Ra2 0-1

[Event "Asian Teams"]
[Site "Jodhpur"]
[Date "2003.04.10"]
[Round "4"]
[White "Thipsay, Praveen Mahadeo"]
[Black "Kotsur, Pavel"]
[Result "1/2-1/2"]
[WhiteElo "2463"]
[BlackElo "2572"]
[PlyCount "76"]
[EventDate "2003.04.07"]
[Source "Roberto Alvarez"]
[SourceDate "2003.04.14"]

1. e4 c5 2. Nf3 d6 3. d4 cxd4 4. Nxd4 Nf6 5. Nc3 Nc6 6. Be2 g6 7. Be3 Bg7 8. O-O O-O 9. Nb3 a5 10. a4 Be6 11. f4 Nd7 12. Kh1 Nb6 13. Nd4 Nxd4 14. Bxd4 Bxd4 15. Qxd4 Rc8 16. f5 Bc4 17. Bd3 Bxd3 18. cxd3 Nd7 19. Qf2 e6 20. f6 Qb6 21. d4 h6 22. Nb5 Kh7 23. Ra3 Rg8 24. Qe2 g5 25. e5 dxe5 26. dxe5 Nf8 27. Rd3 Ng6 28. Rd7 Rgf8 29. h3 Qc6 30. Rfd1 Nf4 31. Qf1 Nd5 32. R7xd5 exd5 33. Na7 Qc4 34. Nb5 Qc6 35. Nd6 Qc7 36. Qd3+ Kg8 37. h4 Qb6 38. hxg5 hxg5 1/2-1/2

[Event "Cattolica"]
[Site "Cattolica ITA"]
[Date "1993.??.??"]
[Round "4"]
[White "Glek, Igor V"]
[Black "Tolnai, Tibor"]
[Result "0-1"]
[WhiteElo "2545"]
[BlackElo "2490"]
[PlyCount "76"]
[EventDate "1993.05.??"]
[Source "www.chesslib.no"]
[SourceDate "2004.05.04"]

1. e4 c5 2. Nf3 d6 3. d4 cxd4 4. Nxd4 Nf6 5. Nc3 g6 6. Be2 Bg7 7. O-O O-O 8. Nb3 Nc6 9. Be3 Be6 10. f4 Rc8 11. Kh1 a6 12. Bf3 Bc4 13. Rf2 e5 14. Rd2 Ne8 15. f5 Kh8 16. g4 Bf6 17. Rg2 Bg5 18. Bxg5 Qxg5 19. Nd2 Nd4 20. Nxc4 Rxc4 21. Nd5 Nf6 22. Nxf6 Qxf6 23. g5 Qd8 24. f6 Ne6 25. c3 h6 26. h4 Kh7 27. Rh2 Rh8 28. Qd5 Qc7 29. Rd1 Rc6 30. Qd2 Kg8 31. Rc1 Qd8 32. Bd1 Nc5 33. Qd5 hxg5 34. hxg5 Rxh2+ 35. Kxh2 Qb6 36. Rc2 Ne6 37. Qd2 Nf4 38. Kg3 Rc4 0-1

[Event "It"]
[Site "?"]
[Date "2000.??.??"]
[Round "7"]
[White "Kovchan Alexander"]
[Black "Malakhov Vladimir"]
[Result "0-1"]
[WhiteElo "2441"]
[BlackElo "2593"]
[PlyCount "58"]
[EventDate "2000.??.??"]
[Source "www.chesslib.no"]
[SourceDate "2004.05.04"]

1. e4 c5 2. Nf3 g6 3. d4 Bg7 4. Nc3 cxd4 5. Nxd4 Nc6 6. Be3 d6 7. Be2 Nf6 8. Nb3 O-O 9. f4 a5 10. a4 Be6 11. O-O Rc8 12. Bf3 Nd7 13. Rf2 Nb6 14. f5 Nc4 15. Bc1 Bd7 16. Be2 Nb4 17. Bxc4 Rxc4 18. Qf1 Qc7 19. Bg5 Re8 20. Nxa5 Rxc3 21. bxc3 Bxc3 22. fxg6 hxg6 23. Nb3 Bxa1 24. Qxa1 Nxc2 25. Qc1 Bxa4 26. Nd4 Rc8 27. Qf4 e5 28. Qh4 Nxd4 29. g4 Qc3 0-1

[Event "YUG-ch"]
[Site "?"]
[Date "1978.02.02"]
[Round "11"]
[White "Parma Bruno"]
[Black "Rajkovic Dusan"]
[Result "1/2-1/2"]
[WhiteElo "2540"]
[BlackElo "2490"]
[PlyCount "60"]
[EventDate "1978.??.??"]
[Source "www.chesslib.no"]
[SourceDate "2004.05.04"]

1. e4 c5 2. Nf3 d6 3. d4 cxd4 4. Nxd4 Nf6 5. Nc3 g6 6. Be3 Bg7 7. Be2 O-O 8. O-O Nc6 9. Nb3 Be6 10. f4 Na5 11. f5 Bc4 12. Bd3 d5 13. Nxa5 Qxa5 14. e5 Ne8 15. Bd4 Rd8 16. Kh1 Qa6 17. Bc5 Bxd3 18. cxd3 Rd7 19. f6 exf6 20. Bxf8 Kxf8 21. exf6 Nxf6 22. Qf3 h5 23. Rae1 Kg8 24. a3 Kh7 25. Re2 Qd6 26. Qf4 Qxf4 27. Rxf4 Ng4 28. h3 Nh6 29. g3 a6 30. Kg2 Nf5 1/2-1/2

[Event "69th ch-BLR"]
[Site "Minsk"]
[Date "2003.03.02"]
[Round "3"]
[White "Kupreichik, Viktor D"]
[Black "Dydyshko, Viacheslav"]
[Result "1/2-1/2"]
[WhiteElo "2490"]
[BlackElo "2536"]
[PlyCount "43"]
[EventDate "2003.02.28"]
[Source "Roberto Alvarez"]
[SourceDate "2003.04.07"]

1. e4 c5 2. Nc3 d6 3. f4 g6 4. Nf3 Bg7 5. d4 cxd4 6. Nxd4 Nc6 7. Be3 Nf6 8. Be2 O-O 9. Nb3 Be6 10. O-O Qc8 11. Kh1 Bg4 12. Bxg4 Qxg4 13. Qe1 Qc8 14. Bg1 Rd8 15. Rd1 b6 16. Rf3 Qb7 17. Nd5 e6 18. Nxf6+ Bxf6 19. c3 Rd7 20. Rfd3 Rad8 21. Bf2 Ne7 22. Nd2 1/2-1/2

[Event "Swidnica 75/151"]
[Site "?"]
[Date "1999.??.??"]
[Round "?"]
[White "Macieja, Bartlomiej"]
[Black "Zezulkin, Jurij"]
[Result "1/2-1/2"]
[WhiteElo "2553"]
[BlackElo "2473"]
[PlyCount "68"]
[EventDate "1999.??.??"]
[Source "ChessBase"]
[SourceDate "1999.02.01"]

1. e4 c5 2. Nf3 Nc6 3. Nc3 g6 4. d4 cxd4 5. Nxd4 Bg7 6. Be3 Nf6 7. Bc4 Qa5 8. O-O O-O 9. Nb3 Qd8 10. f4 d6 11. Be2 Be6 12. f5 Bd7 13. g4 Rc8 14. g5 Nxe4 15. Nxe4 Bxf5 16. Nc3 Nb4 17. Nd4 Bxd4 18. Qxd4 Nxc2 19. Qxa7 Ra8 20. Qb6 Qxb6 21. Bxb6 Nxa1 22. Rxa1 Rfc8 23. a4 h6 24. gxh6 Kh7 25. a5 Bd7 26. Ra3 f5 27. b4 Rc6 28. Bd4 e5 29. b5 Rcc8 30. Be3 Be6 31. Bf3 e4 32. Be2 g5 33. Bxg5 Rg8 34. h4 d5 1/2-1/2

[Event "Ubeda op"]
[Site "Ubeda"]
[Date "1998.01.27"]
[Round "8"]
[White "Asrian, Karen"]
[Black "Dgebuadze, Alexandre"]
[Result "1-0"]
[WhiteElo "2555"]
[BlackElo "2470"]
[PlyCount "60"]
[EventDate "1998.01.20"]
[Source "ChessBase"]
[SourceDate "1998.03.09"]

1. e4 c5 2. Nf3 d6 3. d4 cxd4 4. Nxd4 Nf6 5. Nc3 Nc6 6. Be2 g6 7. Be3 Bg7 8. Nb3 O-O 9. O-O Be6 10. f4 Na5 11. f5 Bc4 12. Bd3 Rc8 13. Qe2 Bxd3 14. cxd3 a6 15. Nxa5 Qxa5 16. Kh1 b5 17. a3 Qc7 18. g4 Qb7 19. Qg2 Nd7 20. Nd5 Rfe8 21. g5 e6 22. fxe6 fxe6 23. Nf6+ Bxf6 24. gxf6 Ne5 25. d4 Nf7 26. Rf4 e5 27. Rg4 Kh8 28. d5 Rg8 29. Rg1 Qc7 30. Qf3 g5 1-0

[Event "Sevilla Open"]
[Site "Seville ESP"]
[Date "1994.??.??"]
[Round "5"]
[White "Campora, Daniel H"]
[Black "Vasquez, Rodrigo"]
[Result "1/2-1/2"]
[WhiteElo "2535"]
[BlackElo "2490"]
[PlyCount "108"]
[EventDate "1994.01.??"]
[Source "www.chesslib.no"]
[SourceDate "2004.05.04"]

1. e4 c5 2. Nf3 Nc6 3. d4 cxd4 4. Nxd4 g6 5. Nc3 Bg7 6. Be3 Nf6 7. Be2 O-O 8. Nb3 a6 9. O-O d6 10. f4 Bd7 11. a4 Rb8 12. a5 Be6 13. Nd4 Bg4 14. Nxc6 Bxe2 15. Qxe2 bxc6 16. Qxa6 Rxb2 17. Qxc6 Rxc2 18. Bd4 Qa8 19. Qxa8 Rxa8 20. Ra3 Ng4 21. Bxg7 Kxg7 22. Nd5 e6 23. Nb6 Ra6 24. Nd7 f5 25. exf5 gxf5 26. h3 Nf6 27. Nxf6 Kxf6 28. Rfa1 e5 29. fxe5+ dxe5 30. R1a2 Rc5 31. Kf2 h5 32. h4 f4 33. g3 Kf5 34. gxf4 exf4 35. Kf3 Rb5 36. Ra1 Rc5 37. Rg1 Kf6 38. Rga1 Kf5 39. R1a2 Rb5 40. Rg2 Kf6 41. Rga2 Kf5 42. Kg2 Kg4 43. Kh2 Kf5 44. Ra4 Kg4 45. Rg2+ Kf3 46. Ra3+ Ke4 47. Rga2 Kf5 48. Kh3 Re5 49. Ra4 Re3+ 50. Kh2 Rg3 51. Rc2 Kg4 52. Rf2 Kxh4 53. Raxf4+ Rg4 54. Rf5 Ra8 1/2-1/2

[Event "Basel Hilton op 3rd"]
[Site "Basel"]
[Date "2001.01.05"]
[Round "5"]
[White "Sturua, Zurab"]
[Black "Seres, Lajos"]
[Result "1-0"]
[WhiteElo "2580"]
[BlackElo "2445"]
[PlyCount "79"]
[EventDate "2001.01.01"]
[Source "ChessBase"]
[SourceDate "2001.03.08"]

1. e4 c5 2. Nf3 Nc6 3. d4 cxd4 4. Nxd4 g6 5. Nc3 Bg7 6. Nb3 Nf6 7. Be2 O-O 8. O-O a6 9. f4 d6 10. Be3 b5 11. Bf3 Bb7 12. Qe1 Nd7 13. Rd1 b4 14. Na4 Qc7 15. c4 a5 16. Rf2 Ncb8 17. c5 Bc6 18. cxd6 exd6 19. Rc2 Ra6 20. Nd4 Bxd4 21. Bxd4 Qb7 22. b3 Re8 23. Re2 Nf8 24. Bb2 Qe7 25. Qf2 Ne6 26. Qg3 Nd7 27. f5 Nec5 28. Nxc5 dxc5 29. fxg6 hxg6 30. Red2 Ne5 31. Be2 Raa8 32. Rd6 Bxe4 33. Bb5 f6 34. Bxe8 Rxe8 35. Bxe5 fxe5 36. Rxg6+ Bxg6 37. Qxg6+ Kh8 38. Rd3 Qe6 39. Rh3+ Qxh3 40. Qxe8+ 1-0

[Event "MTO"]
[Site "Biel"]
[Date "2004.07.30"]
[Round "11"]
[White "Alekseev, Evgeny"]
[Black "Kosintseva, Nadezhda"]
[Result "1/2-1/2"]
[WhiteElo "2606"]
[BlackElo "2415"]
[PlyCount "107"]
[EventDate "2004.07.19"]
[Source "Roberto Alvarez"]
[SourceDate "2004.08.10"]

1. e4 c5 2. Nf3 d6 3. d4 cxd4 4. Nxd4 Nf6 5. Nc3 g6 6. Be2 Bg7 7. O-O O-O 8. Be3 Nc6 9. Nb3 b6 10. Qd2 Re8 11. Rfd1 Bb7 12. f3 Nd7 13. a4 Nc5 14. Nd4 Nxd4 15. Bxd4 Bxd4+ 16. Qxd4 Rc8 17. Qe3 Qc7 18. Nb5 Qb8 19. Rd2 a6 20. Nc3 Nd7 21. Kh1 Qc7 22. Rd4 Qc5 23. Qd2 Qc7 24. Rd1 Nf6 25. Bd3 Qc5 26. Be2 Qc7 27. Bc4 Qb8 28. Qe2 Qa8 29. Bb3 Rc5 30. Qe3 b5 31. axb5 axb5 32. Na2 Nd7 33. Nb4 Ne5 34. Nd3 Nxd3 35. R4xd3 Bc8 36. Rd5 Qa7 37. R5d2 Qc7 38. c3 Be6 39. Bxe6 fxe6 40. Qf4 e5 41. Qg5 Qb7 42. h4 b4 43. cxb4 Qxb4 44. h5 Kg7 45. Ra1 Ra5 46. Rxa5 Qxa5 47. Rc2 Qa7 48. Kh2 Rb8 49. Qg4 Qe3 50. Kh3 Qh6 51. Rc7 Kf7 52. Qh4 g5 53. Qg4 Qe6 54. Qxe6+ 1/2-1/2

[Event "Berliner Sommer"]
[Site "Berlin"]
[Date "1997.??.??"]
[Round "3"]
[White "Gurevich, Vladimir"]
[Black "Sturua, Zurab"]
[Result "1/2-1/2"]
[WhiteElo "2435"]
[BlackElo "2585"]
[PlyCount "39"]
[EventDate "1997.08.??"]
[Source "ChessBase"]
[SourceDate "1997.09.26"]

1. e4 c5 2. Nf3 d6 3. d4 cxd4 4. Nxd4 Nf6 5. Nc3 g6 6. Be2 Bg7 7. O-O O-O 8. Be3 Nc6 9. Nb3 Be6 10. f4 Qc8 11. Kh1 Rd8 12. Bg1 b6 13. Nd4 Bd7 14. Nf3 Be8 15. Nd2 Nd7 16. Bf2 Nc5 17. Bh4 Bxc3 18. bxc3 f6 19. Bc4+ Bf7 20. Bd5 1/2-1/2

[Event "Kuala Lumpur"]
[Site "?"]
[Date "1992.??.??"]
[Round "?"]
[White "Thipsay, P."]
[Black "Watson, W."]
[Result "1-0"]
[WhiteElo "2485"]
[BlackElo "2535"]
[PlyCount "99"]
[EventDate "1992.??.??"]
[Source "ChessBase"]
[SourceDate "1992.02.01"]

1. e4 c5 2. Nf3 d6 3. d4 cxd4 4. Nxd4 Nf6 5. Nc3 g6 6. Be2 Bg7 7. O-O O-O 8. Kh1 Nc6 9. Nb3 Be6 10. f4 Rc8 11. Be3 Na5 12. f5 Nc4 13. Bd4 Bd7 14. Bxc4 Rxc4 15. Qd3 Rc8 16. Bxa7 b6 17. Qa6 b5 18. Bb6 Qe8 19. Qa5 Bc6 20. Qb4 Nd7 21. Bd4 Ne5 22. Rae1 Ba8 23. Na5 Qd7 24. Re2 Rb8 25. fxg6 fxg6 26. Rxf8+ Rxf8 27. Rf2 Rxf2 28. Bxf2 Qg4 29. Qxb5 Bxe4 30. Nxe4 Qxe4 31. Qb3+ d5 32. h3 g5 33. Nb7 Nc4 34. Qd3 Qxd3 35. cxd3 Nxb2 36. Nc5 Kf7 37. Be3 h6 38. a4 Bc3 39. Bc1 e5 40. a5 Nxd3 41. Nxd3 e4 42. a6 Bd4 43. Ne5+ Ke6 44. Nc6 Bb6 45. a7 Bxa7 46. Nxa7 d4 47. Nb5 Kd5 48. Bb2 d3 49. Nc3+ Kd4 50. Nd1+ 1-0

[Event "Trnava"]
[Site "?"]
[Date "1988.??.??"]
[Round "?"]
[White "Psakhis, L."]
[Black "Lechtynsky, J."]
[Result "1/2-1/2"]
[WhiteElo "2550"]
[BlackElo "2470"]
[PlyCount "64"]
[EventDate "1988.??.??"]
[Source "ChessBase"]
[SourceDate "1988.01.01"]

1. e4 c5 2. Nf3 d6 3. d4 cxd4 4. Nxd4 Nf6 5. Nc3 a6 6. Be2 g6 7. f4 Bg7 8. Be3 O-O 9. O-O Nc6 10. Nb3 Be6 11. f5 Bxb3 12. axb3 Rc8 13. Kh1 Ne5 14. Ra4 Rc6 15. g4 b5 16. Rd4 Rxc3 17. bxc3 Qa8 18. Bf3 Qc6 19. g5 Nxf3 20. Qxf3 Nd7 21. Rd2 Bxc3 22. Rg2 a5 23. Bd2 Bxd2 24. Rxd2 Ne5 25. Qf4 gxf5 26. Qxf5 a4 27. h4 Qc3 28. Rg2 a3 29. h5 Qc8 30. Rd2 Qc3 31. Rg2 Qc8 32. Rd2 Qc3 1/2-1/2

[Event "Munchen"]
[Site "?"]
[Date "1989.??.??"]
[Round "?"]
[White "Kindermann, S."]
[Black "Cebalo, M."]
[Result "0-1"]
[WhiteElo "2515"]
[BlackElo "2505"]
[PlyCount "92"]
[EventDate "1989.??.??"]
[Source "ChessBase"]
[SourceDate "1989.01.01"]

1. e4 c5 2. Nf3 Nc6 3. d4 cxd4 4. Nxd4 g6 5. Be2 Bg7 6. Nb3 Nf6 7. Nc3 d6 8. O-O O-O 9. Kh1 Be6 10. f4 Rc8 11. Be3 Na5 12. f5 Bc4 13. Bd3 a6 14. Qe1 Bxd3 15. cxd3 Nxb3 16. axb3 d5 17. Bg5 d4 18. Bxf6 dxc3 19. Bxg7 Kxg7 20. bxc3 Qxd3 21. Rf3 Qc2 22. Qh4 Rxc3 23. Rf2 Qxb3 24. Qxe7 Qb6 25. f6+ Kg8 26. Rd2 Rc6 27. Rd7 Rxf6 28. Rxb7 Qd4 29. Rbb1 Rd8 30. h3 Re6 31. Qb7 Rdd6 32. Rf1 Rf6 33. Rfe1 Rde6 34. Rad1 Qe5 35. Rd8+ Re8 36. Rxe8+ Qxe8 37. e5 Re6 38. Rc1 Qb5 39. Rc8+ Kg7 40. Qa8 Qf1+ 41. Kh2 Qf4+ 42. Kh1 Rxe5 43. Rg8+ Kh6 44. Re8 Rxe8 45. Qxe8 Kg7 46. Qc8 Qf6 0-1

[Event "48. TCh-SCG"]
[Site "?"]
[Date "2005.05.18"]
[Round "4"]
[White "Popovic Petar"]
[Black "Markovic Miroslav"]
[Result "1/2-1/2"]
[WhiteElo "2508"]
[BlackElo "2509"]
[PlyCount "25"]
[EventDate "2005.??.??"]
[Source "www.chesslib.no"]
[SourceDate "2004.05.04"]

1. e4 c5 2. Nf3 Nc6 3. Nc3 g6 4. d4 cxd4 5. Nxd4 Bg7 6. Be3 Nf6 7. Nb3 O-O 8. Be2 d6 9. O-O Be6 10. f4 Na5 11. Bd4 Nc6 12. Be3 Na5 13. Bd4 1/2-1/2

[Event "Wch (Men) U26"]
[Site "Rotterdam"]
[Date "1998.08.17"]
[Round "6"]
[White "Galkin, Alexander"]
[Black "Vouldis, Angelos"]
[Result "1/2-1/2"]
[WhiteElo "2540"]
[BlackElo "2475"]
[PlyCount "66"]
[EventDate "1998.08.??"]
[Source "www.chesslib.no"]
[SourceDate "2004.05.04"]

1. e4 c5 2. Nf3 d6 3. d4 cxd4 4. Nxd4 Nf6 5. Nc3 Nc6 6. Be2 g6 7. Be3 Bg7 8. O-O O-O 9. Nb3 Be6 10. f4 Rc8 11. Rb1 b5 12. Bf3 Bc4 13. Rf2 b4 14. Nd5 Nd7 15. c3 a5 16. cxb4 axb4 17. Rc1 Bxb3 18. Qxb3 Nc5 19. Bxc5 Nd4 20. Qxb4 dxc5 21. Qb7 Re8 22. Bd1 e6 23. Nc3 Re7 24. Qa6 Nc6 25. e5 Nb4 26. Qf1 Nd3 27. Rd2 Qd4+ 28. Kh1 Qe3 29. Rcc2 Nxf4 30. g3 Nd5 31. Rxd5 exd5 32. Nxd5 Qxe5 33. Nxe7+ Qxe7 1/2-1/2

[Event "Helsinki op"]
[Site "Helsinki"]
[Date "1992.??.??"]
[Round "6"]
[White "Kovalev, Andrei"]
[Black "Matveeva, Svetlana"]
[Result "1-0"]
[WhiteElo "2580"]
[BlackElo "2435"]
[PlyCount "53"]
[EventDate "1992.09.??"]
[Source "ChessBase"]

1. e4 c5 2. Nf3 d6 3. d4 Nf6 4. Nc3 cxd4 5. Nxd4 g6 6. Be2 Nc6 7. Nb3 Bg7 8. O-O O-O 9. Kh1 Be6 10. f4 Qc8 11. Be3 Rd8 12. Bg1 d5 13. e5 Ne4 14. Nd4 Nxc3 15. bxc3 Nxd4 16. Bxd4 Bf5 17. Bd3 Qe6 18. Qf3 Rac8 19. Rae1 Rc6 20. Bxf5 gxf5 21. Rg1 Kh8 22. g4 fxg4 23. Rxg4 Qf5 24. Rg5 Qxc2 25. f5 f6 26. Rg2 Qa4 27. Rxg7 1-0